00655nam a2200193Ia 4500008004100000020001800041082001800059100002000077245007700097250000800174260004100182300002900223500001900252600002700271650001500298942000700313952012600320999001500446240925s9999 xx 000 0 und d a9780470870969 a621.38456 HOL aNot - Available 0aWCDMA for UMTS: raidio access for third generation mobile communications a3rd aNew York:bJohn Wiley & Sonsc,2006. axxvi,570p.bNAfOriginal aIncludes Index aElectronic Engineering aTechnology cBK 001040708ELaUITUbUITUd2007-04-16eAmazon.comg2736.00l0o621.38456 HOLpQ7011r2024-09-25 07:14:27w2024-09-25yBK c9510d9510